|
|
|
|
| LEADER |
00641nam a22001931a 4500 |
| 020 |
|
|
|a 9788189918514
|c 0.00
|
| 040 |
|
|
|a SSUS - Library - Kalady
|
| 082 |
|
|
|a H 305.697
|b PAN/K
|
| 100 |
|
|
|a Pankaj Chaturvedi
|
| 245 |
|
|
|a Kya musalman aise hi hote hai ?
|h [Text]
|
| 260 |
|
|
|a New Delhi
|b Shilpayan
|c 2010
|
| 300 |
|
|
|a 135p.
|
| 600 |
|
|
|a Muslim Communities
|
| 600 |
|
|
|a Social Groups
|
| 600 |
|
|
|a Social Sciences
|
| 852 |
|
|
|h H 305.697
|i PAN/K
|p 060956
|9 175.00
|t 0
|
| 942 |
|
|
|c BK
|
| 999 |
|
|
|c 24989
|d 24989
|
| 952 |
|
|
|0 0
|1 0
|4 0
|6 H_305_697000000000000_PAN_K
|7 0
|9 35929
|a SSUS
|b SSUS
|d 2015-01-08
|g 175.00
|o H 305.697 PAN/K
|p 060956
|r 2015-01-08
|v 0.00
|w 2015-01-08
|y BK
|